00865 2200313 4500001002100000005001500021035002000036007000300056008004100059040001700100100002100117245008200138250001000220300003100230504002900261020002200290041000800312082001000320084001600330090001600346260003700362650001500399700002700414850001000441990002500451990002500476990002500501990002500526INLIS00000000000220220260603093129 a0010-0220000053ta260603 0  aSBPUPADbind0 aDyah Umi Purnama1 aCerita Anak Terbaik Sepanjang Masa /cDyah Umi Purnama;Penyunting:Tin Zulaeha aCet.1 a109 hlm. :bilus. ;c24 cm abibliografi, hlm 110-112 a978-602-317-173-6 aind a371.1 a371.1 DYA c a371.1 DYA c aSurakarta :bVisi Mandiri,c2015 4aPendidikan0 aPenyunting:Tin Zulaeha aPUPAD a31.349/APBD/DPK/2019 a31.350/APBD/DPK/2019 a31.351/APBD/DPK/2019 a31.352/APBD/DPK/2019